[Event "Asian Zonal 3.3 2019"]
[Site "Ulaanbaatar"]
[Date "2019.04.10"]
[Round "4.15"]
[White "Miciano, John Marvin"]
[Black "Surya, Wahyudi"]
[Result "1-0"]
[WhiteElo "2339"]
[BlackElo "2197"]
[Annotator "RC"]
[PlyCount "99"]
[EventDate "2019.04.07"]
[EventType "swiss"]
[EventRounds "9"]
[EventCountry "MGL"]
[SourceTitle "playchess.com"]
[Source "ChessBase"]
[SourceQuality "1"]
[TimeControl "40/5400+30:1800+30"]

1. d4 Nf6 2. c4 e6 3. g3 d5 4. Bg2 c6 5. Qc2 Bd6 6. Nf3 O-O 7. O-O Nbd7 8. Bf4 Qc7 9. Bxd6 Qxd6 10. Nbd2 b6 11. e4 dxe4 12. Nxe4 Nxe4 13. Qxe4 Bb7 14. Qc2 h6 15. Rad1 Rad8 16. a3 c5 17. dxc5 Qxc5 18. Qc3 Bxf3 19. Bxf3 Ne5 20. Be2 Nc6 21. b4 Nd4 22. Qe3 Nxe2+ 23. Qxe2 Qc6 24. Rc1 Rd4 25. c5 bxc5 26. Rxc5 Qd6 27. Qe5 Qxe5 28. Rxe5 Rc8 29. Ra5 Rc7 30. Re1 Rd2 31. b5 g5 32. h3 Rcc2 33. Rf1 Rd7 34. a4 Ra2 35. Kg2 f5 36. Ra6 Kf7 37. Re1 Re7 38. g4 f4 39. Re4 Rc7 40. Rexe6 Rcc2 41. Rf6+ Kg7 42. Kf3 Rxf2+ 43. Ke4 Rac2 44. Rg6+ Kf7 45. Raf6+ Ke7 46. Rxh6 Rfe2+ 47. Kf5 f3 48. Rh7+ Ke8 49. Kxg5 f2 50. Rxa7 1-0

[Event "Asian Zonal 3.3 2019"]
[Site "Ulaanbaatar"]
[Date "2019.04.10"]
[Round "4.16"]
[White "Munkhgal, Gombosuren"]
[Black "Altanbayar, Tserenpeljee"]
[Result "1-0"]
[WhiteElo "2455"]
[BlackElo "2060"]
[Annotator "TA"]
[PlyCount "49"]
[EventDate "2019.04.07"]
[EventType "swiss"]
[EventRounds "9"]
[EventCountry "MGL"]
[SourceTitle "playchess.com"]
[Source "ChessBase"]
[SourceQuality "1"]

{[%evp 13,49,0,0,0,0,8,3,0,0,0,2,-33,563,552,552,468,470,472,474,471,509,522,520,520,554,553,550,542,554,539,571,542,574,438,436,431,456,465]} 1. d4 Nf6 2. c4 e6 3. Nc3 Bb4 4. Qc2 O-O 5. e4 d5 6. e5 Ne4 7. Bd3 c5 $1 {[%cal Rc5d4]} 8. Nf3 {E32: Nimzo-Indian: Classical (4 Qc2): 4...0-0} cxd4 9. Nxd4 Nd7 10. Bf4 {The position is equal.} Qh4 11. g3 Qh5 12. h4 {Threatens to win with Be2.} Ndc5 $146 {[%mdl 8192] [#]} (12... Nxe5 $15 13. Be2 Qg6 14. Bxe5 f6) ({Predecessor:} 12... Nxe5 13. Be2 Ng4 14. Bxg4 Qxg4 15. f3 Qh5 {1-0 (36) Vallejo Pons,F (2707)-So,W (2780) Leon 2018}) 13. Be2 $1 $18 {[%cal Re2h5] White is clearly winning.} ({Stronger than} 13. Bxe4 dxe4 14. Kf1 Rd8 $17) 13... Nxc3 14. bxc3 {[%cal Bb2c3,Bc3b4][%mdl 32]} Qg6 {...Qxc2 is the strong threat.} 15. cxb4 Qxc2 16. Nxc2 Nd7 17. cxd5 exd5 18. Nd4 a6 19. e6 Nf6 20. exf7+ Rxf7 21. O-O Ne4 22. Bf3 h6 23. Bxe4 dxe4 24. Rfe1 Re7 25. f3 {Accuracy: White = 72%, Black = 41%.} 1-0

[Event "Asian Zonal 3.3 2019"]
[Site "Ulaanbaatar"]
[Date "2019.04.10"]
[Round "4.17"]
[White "Agibileg, Uurtsaikh"]
[Black "Erkhes, Bayartnar"]
[Result "1-0"]
[WhiteElo "2403"]
[BlackElo "1778"]
[Annotator "TA"]
[PlyCount "55"]
[EventDate "2019.04.07"]
[EventType "swiss"]
[EventRounds "9"]
[EventCountry "MGL"]
[SourceTitle "playchess.com"]
[Source "ChessBase"]
[SourceQuality "1"]

{[%evp 15,55,18,37,0,17,8,26,18,60,66,61,50,62,67,70,53,107,108,234,219,238,89,116,77,80,78,80,58,34,64,22,0,0,-208,137,145,345,319,29996,29997,29997,29998]} 1. d4 d5 2. c4 c6 3. Nc3 Nf6 4. Nf3 e6 5. Bg5 Nbd7 6. cxd5 exd5 7. e3 Bd6 8. Bd3 O-O 9. Qb1 {D35: Queen's Gambit Declined: Exchange Variation} (9. Qc2 h6 10. Bh4 Re8 11. O-O Nf8 12. Rae1 Bg4 13. Nd2 Be6 14. f4 Be7 15. Nf3 Ne4 16. Bxe7 Qxe7 17. Bxe4 dxe4 18. Qxe4 Qb4 19. Qc2 Bc4 {1-0 (44) Bareev,E (2729)-Ljubojevic,L (2570) Monte Carlo 2003}) 9... h6 $146 ({Predecessor:} 9... Qc7 10. Bxf6 Nxf6 11. h3 b6 12. b4 Bb7 13. O-O Rfe8 14. Rc1 Qe7 15. a3 Ne4 16. Qb3 Nxf2 17. Bxh7+ Kxh7 {0-1 (26) Koehler,R (1755)-Klein,H (1788) Oberweissenbrunn 1994}) 10. Bh4 a5 11. O-O {White has an edge.} b6 12. Re1 Ba6 {[#]} 13. Bh7+ $1 {[%mdl 512]} Kh8 {Strongly threatening ...g5.} (13... Nxh7 14. Bxd8) 14. Bf5 Be7 15. Qc2 c5 (15... g6 $14) 16. Rad1 c4 (16... Bb7 $16 {was worth a try.}) 17. e4 $18 dxe4 18. Nxe4 ({But not} 18. Bxe4 $6 Nxe4 19. Bxe7 (19. Qxe4 Bxh4 20. Qxh4 Qxh4 $14) 19... Qxe7 $16) (18. Ne5 $1 $18 {[%cal Re5c6] is more deadly. Nc6 is the strong threat.} Nb8 19. Qd2 (19. Nxe4 Nd5 $16) (19. Bxe4 Ra7 $18)) 18... Nd5 $16 19. Bxe7 Nxe7 20. Bxd7 Qxd7 21. d5 Nxd5 22. Neg5 hxg5 23. Nxg5 {[%csl Gg5][%cal Rc2h7]} f5 {aiming for ...Rae8.} 24. Re5 $2 {[#]} (24. Qe2 $1 $11 {and White has nothing to worry.} Kg8 25. Qe6+ Qxe6 26. Nxe6) 24... Rae8 $2 (24... Rfe8 $1 $19 {[%cal Re8e5]} 25. f4 Rxe5 26. fxe5 Ne3 27. Rxd7 Nxc2) 25. Rdxd5 $40 {[%mdl 128] White has strong attack.} Qxd5 $2 {[#]} (25... Rxe5 $16 26. Rxe5 (26. Rxd7 $2 {leads to mate.} Re1#) 26... Kg8) 26. Qe2 $1 $18 {[%cal Re2h5] Threatening mate with Qh5+.} Qc6 $2 (26... g6 $18 27. Rxe8 (27. Rxd5 $2 {is the wrong capture.} Rxe2 28. Rd1 Rxb2 $19) 27... Rxe8 28. Qxe8+ {[%mdl 64] Double Attack} Kg7 29. Qe7+ Kg8 30. Qe8+ Kg7) 27. Qh5+ Qh6 28. Rxe8 {Accuracy: White = 69%, Black = 23%.} 1-0

[Event "Asian Zonal 3.3 2019"]
[Site "Ulaanbaatar"]
[Date "2019.04.10"]
[Round "4.18"]
[White "Batbold, Nyamsuren"]
[Black "Khatanbaatar, Bazar"]
[Result "0-1"]
[WhiteElo "1809"]
[BlackElo "2337"]
[Annotator "TA"]
[PlyCount "190"]
[EventDate "2019.04.07"]
[EventType "swiss"]
[EventRounds "9"]
[EventCountry "MGL"]
[SourceTitle "playchess.com"]
[Source "ChessBase"]
[SourceQuality "1"]

{[%evp 19,190,0,-2,-12,-18,-8,-11,-14,-27,-59,24,28,32,18,31,-33,-23,-43,-45,-42,-11,-24,-36,-20,-22,-22,-19,-22,-13,-28,-52,-35,-37,-50,-61,-68,-72,-60,-66,-87,-63,-64,-62,-142,-141,-194,-188,-228,-212,-216,-174,-180,-171,-258,-248,-258,-255,-391,-397,-348,-72,-82,-82,-75,-43,-89,-89,-89,-89,-89,-89,-97,-95,-95,-95,-96,-96,-96,-96,-100,-95,-104,-104,-104,-89,-89,-89,-89,-89,-89,-89,-89,-89,-89,-89,-89,-89,-89,-33,-89,-60,-210,-118,-118,-118,-118,-118,-118,-118,-118,-118,-118,-118,-118,-118,-118,-34,-34,-34,-34,-34,-34,-34,-34,-34,-34,-34,-34,-34,-34,-34,-34,-34,-34,-34,-34,-34,-210,-210,-210,-210,-210,-210,-210,-210,-210,-210,-210,-210,-210,-210,-210,-210,-375,-375,-534,-534,-519,-519,-497,-370,-29974,-29975,-29976,-29976,-29976,-29977,-29977,-29978,-29977,-29978,-29979,-29976]} 1. d4 d5 2. c4 c6 3. Nf3 Nf6 4. Nc3 e6 5. g3 Nbd7 6. Bg2 dxc4 7. a4 a5 8. O-O Bb4 9. Qc2 O-O 10. Rd1 {E01: Catalan: Early deviations} Qe7 {LiveBook: 15 Games} 11. Bg5 h6 12. Bxf6 {The position is equal.} Qxf6 13. Ne4 Qf5 {[#]} 14. Nfd2 $146 ({Predecessor:} 14. Rac1 Re8 15. Nfd2 Nb6 16. Nxc4 Nxc4 17. Qxc4 e5 {1-0 (52) Zhou,W (2635)-Wen,Y (2614) Xinghua 2016}) 14... e5 (14... b5 $15) 15. Nxc4 $11 exd4 16. Rxd4 Ne5 17. Nxe5 (17. Nb6 $14 Rb8 18. h3) 17... Qxe5 $15 18. Rad1 Bf5 19. Qc1 Rfe8 20. e3 Be6 21. Nd6 Re7 22. Qc2 Rf8 23. Nc4 Qc5 24. Qe2 b5 25. axb5 cxb5 {[%cal Re6c4]} 26. Nd6 Bb3 27. Rd5 Bxd1 28. Qxd1 Qb6 29. Nf5 Re6 {[%cal Be7e6,Be6g6,Bg6f6][%mdl 32]} 30. Qg4 {[%csl Gf5][%cal Rg4g7]} Rg6 31. Qf4 {[#]} (31. Qd1 $15) 31... Rd8 $1 $17 32. Rxd8+ (32. Nd4 $17) 32... Qxd8 $19 33. Be4 Bf8 34. Nd4 Rf6 35. Qe5 b4 {[%cal Bb5b4,Bb4b3][%mdl 32]} 36. b3 {[#]} (36. Qb5 $142) 36... a4 $1 37. bxa4 {[#]} b3 $1 {[%mdl 512]} 38. Kg2 (38. Bb1 {keeps fighting.}) (38. Nxb3 Qd1+) 38... b2 39. a5 Ra6 $2 (39... Qe7 $19 {is more deadly.} 40. Qxe7 Bxe7) 40. Qb5 $17 Qxa5 41. Qxb2 Qa2 (41... g6 {is more complex.} 42. h4 Qe1 43. Nf3 Qb4 44. Qc2 Qc5) 42. Qxa2 Rxa2 $15 {[%mdl 4096] Endgame KRB-KBN} 43. Bd5 Rd2 44. Bf3 Rb2 45. h3 Bc5 46. Ne2 g6 47. Nc3 Rc2 48. Ne2 Kg7 49. g4 Bd6 50. Ng3 Bxg3 51. Kxg3 $17 {KR-KB} Kf6 52. Be4 Rc4 53. Bg2 Ke5 54. f4+ Kd6 55. h4 Rc3 56. Kf2 Ra3 57. Bf3 Kc5 58. Be4 Kc4 (58... Ra4 $17 59. Kf3 Rb4) 59. Bf3 (59. g5 $15) 59... Ra5 60. h5 ({Better is} 60. g5 $15 hxg5 61. hxg5) 60... g5 ({Black should try} 60... gxh5 $19 {aiming for ...h4.} 61. gxh5 Kc3) 61. fxg5 Rxg5 62. Kg3 f5 63. Kf4 fxg4 64. Bxg4 Kd5 65. Bf3+ Ke6 66. Bg4+ Kd6 67. e4 Ra5 (67... Kc5 $17 {Hoping for ...Kd4.} 68. Be2 Kd4) 68. Bf3 $15 Ke6 69. Bg4+ Kf6 70. Bf3 Re5 71. Bg4 Rg5 72. Bf3 Rg8 {And now ...Ke6 would win.} 73. Be2 Rg2 74. e5+ Ke7 75. Bg4 Rf2+ 76. Ke4 Rf1 77. Bf3 Rg1 {White must now prevent ...Ke6.} 78. Kf5 $2 (78. Kf4 $1 $15) 78... Rg5+ $19 79. Kf4 Ke6 80. Bg4+ {[#]} Kd5 $1 81. e6 Kd6 82. Kf3 Ke7 83. Kf4 Kf6 84. Kf3 Rg7 85. Kf4 Ra7 86. Kg3 $2 (86. Ke4) 86... Kg5 87. Bh3 (87. Bf3 $142) 87... Kxh5 88. Kf4 {intending Kf5.} Kg6 89. Ke5 Ra5+ 90. Kd6 $2 (90. Kf4 $19) 90... Kf6 {Black mates.} 91. Bg4 Re5 92. Bh3 h5 {[%cal Bh6h5,Bh5h4][%mdl 32]} 93. Kd7 h4 94. Kd6 Re3 95. Bg2 Rxe6+ {Accuracy: White = 51%, Black = 71%.} 0-1

[Event "Asian Zonal 3.3 2019"]
[Site "Ulaanbaatar"]
[Date "2019.04.10"]
[Round "4.19"]
[White "Byambaa, Zulzaga"]
[Black "Erkhembayar, Tserentsoodol"]
[Result "1-0"]
[WhiteElo "2168"]
[BlackElo "1757"]
[Annotator "TA"]
[PlyCount "71"]
[EventDate "2019.04.07"]
[EventType "swiss"]
[EventRounds "9"]
[EventCountry "MGL"]
[SourceTitle "playchess.com"]
[Source "ChessBase"]
[SourceQuality "1"]

{[%evp 10,71,-11,-13,0,-5,0,0,0,20,27,27,34,71,252,225,241,237,268,236,258,241,290,232,278,278,283,278,289,229,338,334,336,295,368,362,432,398,484,402,398,398,402,401,382,389,497,486,486,486,487,481,482,468,701,658,628,635,623,599,779,775,770,755]} 1. e4 e6 2. d4 d5 3. Nc3 Bb4 4. e5 Ne7 5. Nf3 c5 6. a3 {LiveBook: 42 Games. C17: French: 3 Nc3 Bb4 4 e5 c5 sidelines} (6. dxc5 Nd7 7. Bd3 Nxc5 8. O-O Bd7 9. Nb5 Nxd3 10. Qxd3 a6 11. Nbd4 Nc6 12. Bg5 Qc7 13. c3 h6 14. Bf4 Be7 {0-1 (36) Perpinya Rofes,L (2400)-Firman,N (2526) Barcelona 2013}) 6... Ba5 7. b4 cxb4 8. Nb5 {Black should prevent Nd6+.The position is equal.} bxa3+ 9. c3 O-O {[#] Hoping for ...a6.} 10. Bxa3 a6 $146 ({Predecessor:} 10... Nbc6 11. Bd3 f6 12. exf6 gxf6 13. Qc2 Rf7 {0-1 (49) Duessler,S (1950)-Bluebaum,J (1830) Osnabrueck 2011}) 11. Bxe7 $1 Bxc3+ $2 (11... axb5 $16 12. Bxd8 Bxc3+ 13. Ke2 Rxa1) 12. Nxc3 $18 Qxe7 13. Bd3 Bd7 14. O-O Bc6 15. Qb1 g6 16. Na4 Nd7 17. Nb6 Nxb6 18. Qxb6 Qd8 19. Rfb1 Qd7 (19... Qxb6 $142 20. Rxb6 a5) 20. h4 {[%cal Bh2h4,Bh4h5][%mdl 32]} Rac8 21. h5 Kg7 22. Qb4 Rcd8 23. Qd2 h6 24. Qf4 {Black must now prevent Qf6+.} Qe7 25. Qg3 ({Don't do} 25. hxg6 fxg6 26. Qg4 g5 $18) 25... g5 26. Nh2 f5 27. exf6+ Rxf6 28. Qe5 {White is clearly winning.} Qd6 29. Ng4 Qxe5 30. Nxe5 Rf4 31. Rb4 Kf6 (31... Rc8 $142 32. g3 Rff8) 32. g3 Rxd4 33. Nxc6 Rxb4 34. Nxb4 e5 35. Ra5 Ke6 {[#]} 36. Nxd5 $1 {Precision: White = 76%, Black = 48%.} 1-0

[Event "Asian Zonal 3.3 2019"]
[Site "Ulaanbaatar"]
[Date "2019.04.10"]
[Round "4.20"]
[White "Danzanjunai, Ganbat"]
[Black "Amilal, Munkhdalai"]
[Result "0-1"]
[WhiteElo "1608"]
[BlackElo "2042"]
[Annotator "NA RC"]
[PlyCount "104"]
[EventDate "2019.04.07"]
[EventType "swiss"]
[EventRounds "9"]
[EventCountry "MGL"]
[SourceTitle "playchess.com"]
[Source "ChessBase"]
[SourceQuality "1"]
[TimeControl "40/5400+30:1800+30"]

1. d4 Nf6 2. Nf3 d5 3. Bf4 c5 4. e3 Nc6 5. c3 Qb6 6. Qb3 c4 7. Qxb6 axb6 8. Nbd2 b5 9. Be2 h6 10. O-O Bf5 11. a3 e6 12. Ne5 Be7 13. f3 O-O 14. Rfe1 Rfe8 15. Bf1 Nxe5 16. Bxe5 Nd7 17. e4 Bg6 18. exd5 exd5 19. Bc7 Rac8 20. Bf4 Nb6 21. Re3 Bf8 22. Rxe8 Rxe8 23. b3 Ra8 24. Bc7 Nd7 25. bxc4 bxc4 26. a4 b5 27. a5 b4 28. cxb4 Bxb4 29. Nxc4 dxc4 30. Bxc4 Rc8 31. Ra4 Bc3 32. Bg3 Bc2 33. Ba6 Bxa4 34. Bxc8 Bxa5 35. Bf2 Bb6 36. g3 Kf8 37. Bb7 Ke7 38. Kg2 Kd6 39. g4 Bc6 40. Ba6 Kd5 41. Bd3 Nf6 42. h4 Bxd4 43. g5 Bxf2 44. Kxf2 hxg5 45. hxg5 Nh5 46. Bc2 Ke5 47. Ke3 Nf4 48. Bb1 Bd7 49. Bc2 Bf5 50. Bb3 Bg6 51. Kf2 Kf5 52. Kg3 Kxg5 0-1

[Event "Asian Zonal 3.3 2019"]
[Site "Ulaanbaatar"]
[Date "2019.04.10"]
[Round "4.21"]
[White "Gerelt-Od, Boldbaatar"]
[Black "Chinguun, Bayaraa"]
[Result "0-1"]
[WhiteElo "1484"]
[BlackElo "2033"]
[Annotator "NA RC"]
[PlyCount "46"]
[EventDate "2019.04.07"]
[EventType "swiss"]
[EventRounds "9"]
[EventCountry "MGL"]
[SourceTitle "playchess.com"]
[Source "ChessBase"]
[SourceQuality "1"]
[TimeControl "40/5400+30:1800+30"]

1. e4 c5 2. Nf3 d6 3. d4 cxd4 4. Nxd4 Nf6 5. Nc3 a6 6. Nb3 e5 7. Bg5 Be6 8. Qd3 Nbd7 9. O-O-O Qc7 10. f3 Be7 11. h4 b5 12. g4 b4 13. Nd5 Bxd5 14. exd5 O-O 15. Bxf6 Nxf6 16. g5 Nh5 17. Bh3 Nf4 18. Qe4 a5 19. Rdg1 a4 20. Nd2 Qc5 21. Kb1 Nxh3 22. Qg4 Nxg1 23. Rxg1 Rfc8 0-1

[Event "Asian Zonal 3.3 2019"]
[Site "Ulaanbaatar"]
[Date "2019.04.10"]
[Round "4.22"]
[White "Tenuunbold, Battulga"]
[Black "Priasmoro, Novendra"]
[Result "0-1"]
[WhiteElo "1692"]
[BlackElo "2479"]
[Annotator "TA"]
[PlyCount "90"]
[EventDate "2019.04.07"]
[EventType "swiss"]
[EventRounds "9"]
[EventCountry "MGL"]
[SourceTitle "playchess.com"]
[Source "ChessBase"]
[SourceQuality "1"]

{[%evp 22,89,8,11,11,5,11,0,6,0,1,-34,-3,-5,16,23,36,21,47,47,35,33,66,41,69,0,0,6,78,79,57,0,0,-29,0,0,0,0,26,0,376,391,391,375,342,259,260,259,256,234,214,190,791,193,187,0,0,-937,-856,-2745,-1511,-29986,-29987,-29987,-29988,-29988,-29989,-29989,-29990,-29999]} 1. d4 Nf6 2. c4 g6 3. Nc3 d5 4. Nf3 Bg7 5. cxd5 Nxd5 6. e4 Nxc3 7. bxc3 c5 8. Bc4 O-O 9. O-O Bg4 10. Be3 Nc6 11. d5 Ne5 12. Be2 $1 Nxf3+ {D85: Exchange Grünfeld: Unusual White 7th moves and lines with 7 Nf3} 13. Bxf3 Bxf3 14. Qxf3 Qa5 {The position is equal.} 15. Bd2 (15. Rac1 Rac8 16. Rc2 b5 17. Bg5 Rfe8 18. Qe3 Qa4 19. Rfc1 f6 20. Bf4 {½-½ (39) Banusz,T (2616)-Li,C (2751) Graz 2016}) 15... b5 {[%cal Bb7b5,Bb5b4][%mdl 32]} 16. Qd3 $146 ({Predecessor:} 16. a4 bxa4 17. Ra3 Rab8 18. Rfa1 Rb2 19. Qe3 Rfb8 20. Qe1 {0-1 (52) Vallieres,D-Kraiouchkine,N Granby 2004}) 16... Rab8 17. Qc2 b4 {[%cal Rb4c3]} 18. Rac1 Qb5 19. c4 Qd7 20. Be3 Rfc8 21. f4 Bc3 22. Qf2 a5 23. Qg3 ({Reject} 23. Bxc5 $6 Qc7 $15) (23. f5 $14) 23... a4 24. f5 Rb6 (24... Bg7 $11) 25. e5 $16 ({Much weaker is} 25. fxg6 Rxg6 26. Qf3 f6 $11) 25... Qe8 26. h4 ({Better is} 26. Rcd1 $14) 26... f6 $11 27. e6 Kh8 28. Qf2 $36 {[%mdl 2048] White fights for an advantage.} Rb7 29. h5 g5 30. Qf3 Be5 $2 {[%mdl 8192] [#]} (30... Rb6 $11) 31. d6 $1 $18 {[%mdl 512]} Rcb8 (31... Bxd6 32. Qxb7) 32. d7 Qd8 33. Rcd1 b3 34. Bxc5 {Strongly threatening h6.} bxa2 {Hoping for ...Rb1.} 35. Bxe7 {[%mdl 64] Promotion} Qxe7 {[#]} 36. Qxb7 $1 {[%mdl 512]} Qc5+ $2 (36... Rxb7 37. d8=Q+ Kg7 38. Qxe7+ (38. Rd7 Rxd7 39. Qxd7 Kf8 $11) 38... Rxe7) 37. Kh1 $2 (37. Rf2 Rxb7 38. h6) 37... Rxb7 {[#]} 38. d8=Q+ $2 (38. h6 $1 $18 Kg8 39. d8=Q+ Qf8 40. c5) 38... Kg7 $11 39. Rd7+ $2 {[%mdl 8192]} (39. Qa8 $11 Rc7 40. Qxa4 Qxc4 41. Rd7+ Kh6 42. Qxc4 Rxc4 43. e7 Rh4+ {[%mdl 64] Double Attack} 44. Kg1 Bh2+ 45. Kf2 Rf4+ {[%mdl 64] Double Attack} 46. Ke2 Rxf1 47. Ra7 Rxf5 48. e8=Q Re5+ 49. Qxe5 Bxe5 50. Rxa2 Kxh5 51. Ra7) 39... Rxd7 $19 40. Qxd7+ {[%mdl 4096] Endgame KQR-KQB} Kh6 41. Qd8 Qxc4 {[%cal Rc4f1] Black mates.} 42. Qf8+ Kxh5 {[%cal Rc4f1]} 43. g4+ Kxg4 {[%cal Rc4f1]} 44. Rg1+ Kxf5 45. Rf1+ Qxf1# {Accuracy: White = 52%, Black = 44%.} 0-1

[Event "Asian Zonal 3.3 2019"]
[Site "Ulaanbaatar"]
[Date "2019.04.10"]
[Round "4.23"]
[White "Bulgankhan, Ganzorig"]
[Black "Amgalantengis, Enkh-Amgalan"]
[Result "1-0"]
[WhiteElo "1936"]
[BlackElo "1832"]
[Annotator "NA RC"]
[PlyCount "101"]
[EventDate "2019.04.07"]
[EventType "swiss"]
[EventRounds "9"]
[EventCountry "MGL"]
[SourceTitle "playchess.com"]
[Source "ChessBase"]
[SourceQuality "1"]
[TimeControl "40/5400+30:1800+30"]

1. e4 c6 2. Nc3 d5 3. Nf3 Bg4 4. h3 Bxf3 5. Qxf3 e6 6. d3 Nf6 7. Bd2 Nbd7 8. g4 Nb6 9. g5 Nfd7 10. h4 d4 11. Ne2 e5 12. h5 Qc7 13. Bh3 Be7 14. g6 hxg6 15. hxg6 f6 16. Bxd7+ Kxd7 17. Qg4+ Kd6 18. O-O-O Qd7 19. Qg2 Qe6 20. Kb1 c5 21. Ng3 Kc6 22. Nf5 Rhg8 23. Rh7 Bf8 24. Qh3 Re8 25. b3 Nc8 26. Rh8 Rxh8 27. Qxh8 Qd7 28. Rh1 Nd6 29. Nxd6 Bxd6 30. Qh3 Qxh3 31. Rxh3 b5 32. Kc1 b4 33. Rh7 Rg8 34. Kd1 Kd7 35. Ke2 Ke6 36. Rh5 Rf8 37. Rh7 Rg8 38. Kf3 a6 39. Kg4 a5 40. f4 Be7 41. Be1 Bd8 42. Bg3 Bc7 43. Rh5 Bd6 44. fxe5 fxe5 45. Bh4 Rf8 46. Rf5 Rxf5 47. exf5+ Kd5 48. f6 Bf8 49. Kf5 Kd6 50. fxg7 Bxg7 51. Bf6 1-0

[Event "Asian Zonal 3.3 2019"]
[Site "Ulaanbaatar"]
[Date "2019.04.11"]
[Round "5.2"]
[White "Batchuluun, Tsegmed"]
[Black "Byambaa, Zulzaga"]
[Result "1-0"]
[WhiteElo "2547"]
[BlackElo "2168"]
[Annotator "TA"]
[PlyCount "58"]
[EventDate "2019.04.07"]
[EventType "swiss"]
[EventRounds "9"]
[EventCountry "MGL"]
[SourceTitle "playchess.com"]
[Source "ChessBase"]
[SourceQuality "1"]

{[%evp 19,58,-4,0,0,18,14,20,16,18,28,45,19,20,10,12,8,9,14,13,14,67,64,58,43,43,35,36,36,72,75,71,69,79,81,90,93,127,127,460,449,522]} 1. d4 Nf6 2. c4 g6 3. Nc3 Bg7 4. Nf3 O-O 5. g3 d5 6. cxd5 Nxd5 7. Bg2 c5 8. O-O Nc6 {[%cal Bb8c6,Bc6a5,Ba5c4,Bc4b2][%mdl 32]} 9. e3 Nxc3 10. bxc3 Be6 11. Qe2 {D75: Fianchetto Grünfeld: Main Line with 7...c5} (11. Ba3 cxd4 12. cxd4 Qa5 13. Qd3 Rfd8 14. Rfc1 Bd5 15. Bb2 Qb6 16. Qe2 Be4 17. Bc3 e6 18. Bf1 Nb4 {1-0 (72) Landa,K (2638)-Stohl,I (2528) Czechia 2014}) 11... cxd4 12. cxd4 Na5 13. Rd1 {The position is equal.} Bc4 14. Qe1 Ba6 $146 ({Predecessor:} 14... Rc8 15. Bd2 Nc6 16. Bc3 e6 17. Nd2 Ba6 18. Nb3 b6 {1-0 (54) Ventura Bolet,M (2229)-Chalmeta Ugas,R (2269) Sant Boi 2016}) 15. Ba3 Nc4 16. Bb4 Nb2 17. Rd2 Nd3 18. Qb1 Nxb4 19. Qxb4 Qd6 (19... Rc8 $11) 20. Qxd6 $14 exd6 21. Rc1 Rac8 22. Rdc2 b6 23. Ng5 {Hoping for Bd5.} Bf6 {[#] Threatens to win with ...Rxc2.} 24. Ne4 Be7 25. Nc3 Bd3 26. Rd2 Ba6 27. Rcc2 Rfd8 28. Nd5 Kf8 $2 {[%mdl 8192] [#]} (28... Rxc2 $16 {is a better chance.} 29. Nxe7+ (29. Rxc2 Rd7 $16) 29... Kf8 30. Nxg6+ (30. Rxc2 Kxe7 31. Rc7+ Rd7 $11) 30... hxg6 31. Rxc2 Rc8 32. Rxc8+ Bxc8) 29. Nc7 $1 $18 {[%mdl 64] Trapped Piece} Bc4 {Accuracy: White = 88%, Black = 27%.} 1-0

[Event "Asian Zonal 3.3 2019"]
[Site "Ulaanbaatar"]
[Date "2019.04.11"]
[Round "5.6"]
[White "Tran, Tuan Minh"]
[Black "Miciano, John Marvin"]
[Result "1/2-1/2"]
[WhiteElo "2553"]
[BlackElo "2339"]
[Annotator "TA"]
[PlyCount "80"]
[EventDate "2019.04.07"]
[EventType "swiss"]
[EventRounds "9"]
[EventCountry "MGL"]
[SourceTitle "playchess.com"]
[Source "ChessBase"]
[SourceQuality "1"]

{[%evp 14,80,53,25,45,41,18,13,32,33,61,50,56,14,64,22,33,22,38,13,48,43,69,69,69,59,69,45,116,108,113,88,133,120,140,125,137,128,130,130,131,131,131,109,115,103,103,96,103,86,103,66,66,66,107,107,107,107,107,107,107,107,107,107,107,101,107,107,100]} 1. d4 g6 2. e4 d6 3. Bd3 Bg7 4. Ne2 c5 5. d5 Nf6 6. c4 O-O 7. Nbc3 Nbd7 8. f4 e6 {E70: King's Indian: Miscellaneous lines with 4 e4, including 5 Nge2 and 5 Bd3 0-0 6 Nge2} 9. O-O exd5 10. exd5 a6 {The position is equal.} (10... Ne8 11. Bd2 f5 12. Qc2 Nc7 13. Rae1 Nf6 14. h3 Bd7 15. b3 Rb8 16. Kh1 {½-½ (51) Moiseenko,A (2657)-Nakamura,H (2779) Doha 2016}) 11. a4 b6 12. h3 Ne8 13. g4 {[#]} f5 $146 ({Predecessor:} 13... Rb8 14. Ng3 Qh4 15. Kg2 f5 16. gxf5 {0-1 (30) Roghani,A (2301)-Ghaem Maghami,E (2544) Teheran 2003}) 14. g5 Rb8 15. Be3 Nc7 16. Rb1 a5 17. Ng3 Bxc3 18. bxc3 Qe7 19. Bf2 Qf7 20. Rb2 Na8 (20... h6 $14) 21. Re1 $16 {[#] Rbe2 is the strong threat.} Nc7 22. Qf3 Re8 23. Reb1 Na8 24. h4 Nf8 25. h5 Bd7 26. Bc2 Qg7 27. Kg2 Kf7 28. Rh1 Ke7 29. Rbb1 Kd8 30. Rh4 Kc7 31. Rbh1 Re7 32. hxg6 hxg6 33. Bd1 Rd8 34. Qd3 {White is better.} Bc8 35. Nf1 Bd7 36. Nd2 Kc8 37. Rh8 Kc7 38. Nf3 Bc8 39. Bg3 Nd7 40. R8h6 Kb7 {Accuracy: White = 43%, Black = 58%.} 1/2-1/2